00526nam a2200181Ia 450000500170000000800410001704000190005804100120007708200130008910000210010224501000012326000240022330000230024744000330027050400190030365000120032285000100033420250114120434.0131103s9999 xx 000 0 und d aLoreto College aEnglish a900bDAV aDavison, Dorothy aMen of the dawnb the story of mans evolution to the end of the old stone age cDorothy Davison aLondonbWattsc1934 a195p.b ill., maps aThe thinker's library; No.45 aIncludes index aHistory aLCBED